000
00201 a2200097 4500
001
25501
100
_a
Isachenko, V
245
_a
Heat transfer
260
_a
_b
Mir publishers
_c
090
_c
17225
_d
17225
942
_a
NUST-CAE
_c
M
_c
8031
999
_c
260574
_d
260574